Statystyki dla 15 krajów o największej liczbie zgonów Covid19 - 25 sierpnia 2021

Kliknij tutaj aby rozwiązać quiz!

Ogólne statystyki

  • Ten quiz został rozwiązany 19 razy
  • Średni wynik to 12 z 25

Statystyki odpowiedzi

kraj% Poprawnych
Niemcy
94%
Stany Zjednoczone
94%
Francja
88%
Wielka Brytania
88%
Hiszpania
81%
Brazylia
75%
Rosja
75%
Włochy
75%
Indie
69%
Meksyk
56%
Argentyna
50%
Czechy
50%
Belgia
44%
Peru
44%
Iran
38%
Kolumbia
31%
Słowacja
31%
Chorwacja
25%
Indonezja
25%
Słowenia
25%
Węgry
25%
Bośnia i Hercegowina
13%
Bułgaria
13%
Macedonia Północna
13%
Paragwaj
6%

Rozkład punktacji

Percentyl według liczby udzielonych odpowiedzi

Procent ludzi z każdym wynikiem

Twoja historia wyników

Nie rozwiązałeś tego quizu